000 00428nam a2200157Ia 4500
999 _c11935
_d11935
082 _a658.403 CLO-;
100 _aClough, Donald J.
245 0 _aConcepts in management science
260 _aNew Delhi
_bPrentice-Hall of India
_c1963
300 _avi, 425p.
504 _aIncludes index
650 _aMathematics - Decision making
650 _aEconomics - Decision making
650 _aManagement science
942 _cBK
_2ddc